LEADER 00856nam a2200217 i 4500 001 000000208016 003 CaOOAMICUS 005 20200713160309.0 008 111114s1827 it u000 u ita u 013 $a186799 026 $a5.UX dou- f-i- taso (3) 1827 (A) 040 $aSeMil$bita 245 10$aVol. 15. 300 $a112, [1] p., [1] carta di tav. :$bill. 500 $aSulla 4. di cop. editoriale: Si vende in Firenze all'Insegna di Pallade. 700 1 $aGiordani, Pietro,$d<1774-1848>.$0(OLS)http://semarc/name/2933 773 0 $aGiordani, Pietro <1774-1848>$tOpere di Pietro Giordani.$dItalia [i.e. Modena] : [Pietro Brighenti], 1821-1827.$g15$w()25755 850 $aSeMil 852 $aSeMil$W1$xVenegono$y1$m1S III 32 FA$j158474$B158474$CSeMilBibl$Z2$F169811 $8I 996 $6245$aVol. 15$9(OLS)http://semarc/title/296868 LEADER 01968nam a2200277 i 4500 001 000000013927 003 CaOOAMICUS 005 20220217131225.0 008 180830s17371741it u000 u lat u 040 $aSeMil$bita 100 1 $aGualdo, Gabriele <1659-1743>.$0(OLS)http://semarc/name/6583 245 10$aTheologia moralis, et contemplatiua S. Aurelii Augustini... In qua ejus omnia Moralia, & Plurima Contemplatiua,... Opus tum Theologis, & Casuistis, tum etiam Concionatoribus perutile. Auctore Angelo Cupetioli... Tomus 1. [-3.]. 260 $aVenetiis :$bApud Josephum Corona, sub Signo Praemii,$c1737-1741. 300 $a3 v. ;$cfol. 500 $aAngelo Cupetioli è lo pseud. di Gabriele Gualdo, cfr. Melzi, Dizionario di opere anonime e pseudonime ..., v. I, pp. 269-270 500 $aSui front. fregi xilogr. - Testo disposto su due colonne 500 $aNel titolo del tomo 3. viene aggiunta una frase (tra compendio e Accedunt): ; & verbo probabile referuntur loca, in quibus s. doctor expresse sequitur tum opinionem probabilem, tum probabiliorem 600 04$aAgostino, Aurelio .$0(OLS)http://semarc/subject/1856 650 4$aAgostino, Aurelio - Etica e morale.$0(OLS)http://semarc/subject/2313 710 0 $aCorona, Giuseppe .$0(OLS)http://semarc/name/6584 774 0 $tTomus primus. Complectens litteras A.B.C.$g1$w()51709 774 0 $tTomus secundus. Complectens litteras D.E.F.G.H.I.L.$g2$w()218141 774 0 $tTomus tertius. Complectens litteras ab M. usque ad Z.$g3$w()218140 996 $6245$aTheologia moralis, et contemplatiua S. Aurelii Augustini... In qua ejus omnia Moralia, & Plurima Contemplatiua,... Opus tum Theologis, & Casuistis, tum etiam Concionatoribus perutile. Auctore Angelo Cupetioli... Tomus 1. [-3.]$9(OLS)http://semarc/title/18509 996 $6260$aVenetiis :$bApud Josephum Corona, sub Signo Praemii$9(OLS)http://semarc/publisher/33773